000 00836nam a2200229Ia 4500
005 20250108125141.0
008 008 250107s9999 xx 000 0 hin d
020 _a978-93-5552-759-2
037 _aTB
040 _aCRL
_bhin
_cCRL
041 _ahin
_2hin
084 _aY15:45:(Z2) R3
084 _qCRL
100 _aझा, कृृष्णानन्द, ले.
245 0 _aसुमित्रानन्दन ‘पंत’ का दर्शन
_cझा, कृृष्णानन्द, ले.
260 _aपटना, भारत
_bजानकी प्रकाशन
_c3472
300 _a173पृ0
365 _aINR
_b2520
650 _aहिन्दी कविताहिन्दी साहित्य
_9729733
942 _cTB
_hY15:45:(Z2) R3
999 _c1235860
_d1235860